| 000 | 00872nam a2200205 i 4500 | ||
|---|---|---|---|
| 001 | bg | ||
| 245 | 0 | 0 |
_aPrognoza rozwoju demograficznego województw nadmorskich Polski do 2010 r. - uwarunkowania i skutki : _bmateriały z konferencji naukowej Władysławowo-Cetniewo, 28-29 września 1996 r. / _cpod red. Izydora Sobczaka ; Polskie Towarzystwo Demograficzne-Oddział w Gdańsku, Urząd Statystyczny w Gdańsku. |
| 260 |
_aGdańsk : _b[PTD], _c1997. |
||
| 300 |
_a181, [1] s. : _bmapy, rys., wykr. ; _c21 cm. |
||
| 650 | 9 |
_aDemografia _xprognozy _zPolska |
|
| 655 | _aMateriały konferencyjne | ||
| 700 | 1 |
_aSOBCZAK, Izydor. _eRed. |
|
| 710 | 0 | _aPolskie Towarzystwo Demograficzne (Gdańsk) | |
| 710 | 0 | _aUrząd Statystyczny (Gdańsk) | |
| 040 | _cBPK | ||
| 041 | 0 | _apl | |
| 080 | _a314.001.18(438-17)(061) | ||
| 942 | _cKS | ||
| 008 | s pl f |000 0 pol | ||
| 999 |
_c33368 _d33368 |
||
| 856 |
_uhttp://koha.tu.koszalin.pl/cgi-bin/koha/opac-detail.pl?biblionumber=33368 _yKatalog online BPK |
||